Matemáticas 4 : (Registro nro. 9627)

Detalles MARC
000 -LIDER
fixed length control field 01828nam a2200325 a 4500
001 - NÚMERO DE CONTROL
Identificador de número de control 00168
003 - IDENTIFICACDOR DE NÚMERO DE CONTROL
control field DO-SdBNP
005 - DATE AND TIME OF LATEST TRANSACTION
control field 20180313123627.0
007 - CAMPOS FIJOS DE DESCRIPCIÓN FÍSICA
fixed length control field 00168
008 - ELEMENTOS DE LONGITUD FIJA
fixed length control field 150130s 2001 dr 2001 000 0 spa d
020 ## - ISBN
International Standard Book Number 8482613448
040 ## - FUENTE DE CATALOGACIÓN
Agencia que crea de manera original el registro BPMSU
Idioma de catalogación spa
Agencia que realiza la transcripción BPMSU
092 ## - LOCALLY ASSIGNED DEWEY DECIMAL CALL NUMBER
Número de clasificación 373.7
Número de ítem (Cutter) M425m 4to 2001
245 10 - MENCIÓN DE TITULO
Título Matemáticas 4 :
Subtítulo [educación media] /
Mención de responsabilidad Daniel Michel ... [et al.].
260 ## - PUBLICACIÓN, DISTRIBUCIÓN, ETC. (PIE DE IMPRENTA)
Lugar de publicación, distribución, etc Santo Domingo :
Nombre del editor, distribuidor, etc. Santillana,
Fecha de publicación, distribución, etc 2001.
300 ## - DESCRIPCIÓN FÍSICA
Extensión 279 p. :
Otros detalles físicos il., retrs. ;
Dimensiones 28 cm.
490 1# - MENCIÓN DE SERIES
Mención de serie Umbral
505 1# - NOTA DE CONTENIDO
Título 2do. curso / 2do. ciclo --
-- Unidad 1: Trasformaciones geométricas --
-- Unidad 2: Trigonometría --
-- Unidad 3: Números complejos --
-- Unidad 4: Análisis combinatorio --
-- Feria científica: Los cuadrados mágicos (I) --
-- Unidad 5 : Suceciones --
-- Unidad 6: Convergencia y divergencia --
-- Unidad 7: Matemáticas financieras, I --
-- Unidad 8: Matemáticas financieras, II --
-- Feria científica: Los cuadrados mágicos (II) --
-- Unidad 9: Probabilidades --
-- Unidad 10: Límite de una función --
-- Unidad 11: Continuidad y discontinuidad --
-- Feria científico: Modelo de taladro para hacer agujeros cuadrados (I) --
-- Unidad 12: Derivada de funciones --
-- Unidad 13: Aplicaciones de la derivada --
-- Unidad 14: Introducción al cálculo integral --
-- Feria científica: Modelo de taladro para hacer agujeros cuadrados (II) --
650 #4 - ENCABEZAMIENTO DE MATERIA--TEMÁTICO
Término temático o nombre geográfico como elemento de entrada EDUCACIÓN SECUNDARIA
Subdivisión geográfica REPÚBLICA DOMINICANA
650 #4 - ENCABEZAMIENTO DE MATERIA--TEMÁTICO
Término temático o nombre geográfico como elemento de entrada MATEMÁTICAS
Subdivisión temática general ENSEÑANZA SECUNDARIA
650 #4 - ENCABEZAMIENTO DE MATERIA--TEMÁTICO
Término temático o nombre geográfico como elemento de entrada MATEMÁTICAS
Subdivisión temática general ESTUDIOS Y EJERCÍCIOS
650 #4 - ENCABEZAMIENTO DE MATERIA--TEMÁTICO
Término temático o nombre geográfico como elemento de entrada MATEMÁTICAS
Subdivisión temática general LIBROS DE TEXTOS
700 12 - ASIENTO SECUNDARIO -- NOMBRE PERSONAL
Nombre personal Michel, Daniel.
830 #0 - ASIENTO SECUNDARIO DE SERIE--TÍTULO UNIFORME
Título uniforme Umbral
910 ## - VALIDACIÓN
Validación Validado. Control de calidad MFF
942 ## - ADDED ENTRY ELEMENTS (KOHA)
Source of classification or shelving scheme Dewey Decimal Classification
Koha item type Libros
945 ## - INFORMACIÓN DE PROCESAMIENTO LOCAL
Información de procesamiento local inventariado, 2018 / DG
956 ## - LOCAL ELECTRONIC LOCATION AND ACCESS (OCLC)
Nombre de host VMATEO
Número de acceso 10
Información de compresión 20150717
Inicio de sesión BPMSU
Procesador de solicitud 00151
956 ## - LOCAL ELECTRONIC LOCATION AND ACCESS (OCLC)
Nombre de host BTAVÁREZ
Número de acceso 10
Información de compresión 20160407
Inicio de sesión BPMSU
Procesador de solicitud 00168
Existencias
Withdrawn status Lost status Source of classification or shelving scheme Damaged status Not for loan Collection code Home library Current library Date acquired Source of acquisition Total Checkouts Full call number Barcode Date last seen Price effective from Koha item type Copy number
    Dewey Decimal Classification     Colección Escolar Biblioteca Pública Metropolitana Salomé Ureña Biblioteca Pública Metropolitana Salomé Ureña 04/07/2016 Donación   373.7 M425m 4to. 2001 BPMSU16040214 04/07/2016 04/07/2016 Libros  
    Dewey Decimal Classification     Colección Escolar Biblioteca Pública Metropolitana Salomé Ureña Biblioteca Pública Metropolitana Salomé Ureña 04/07/2016 Donación   373.7 M425m 4to. 2001 BPMSU16040215 04/07/2016 04/07/2016 Libros e. 2